| 000 | 00632nam a2200229 a 4500 | ||
|---|---|---|---|
| 001 | BRCA_6113 | ||
| 005 | 20190320205335.0 | ||
| 008 | 300611s1950----gw-a######---#000-0#ger-# | ||
| 041 | _ager | ||
| 044 | _agw | ||
| 050 | 4 |
_aPT2603 .L3 _b.V54 1950 |
|
| 100 | 1 |
_aSchlicht, Freiherr von _915442 |
|
| 245 | 1 | 0 |
_aViel umworben _bRoman _cvon Freiherr von Schlicht. |
| 250 | _a5 | ||
| 260 |
_aDresden, Alemania _bHeinrich Minden _c[1950] |
||
| 300 |
_a336 p. _bil. _c19 cm. |
||
| 500 | _aTÃtulo del lomo: Freherr von Schlicht, Viel umworben | ||
| 500 | _aK15 | ||
| 650 | 1 | 4 |
_aLiteratura Alemana _96160 |
| 902 | _aGFM | ||
| 942 |
_2lcc _cB |
||
| 999 |
_c5800 _d5800 |
||